000 00702nas a2200241 4500
001 BR8705600
003 BR-BrBNA
005 20231205090807.0
007 ta
008 230509b bl.|||p| |||| 00| 00por d
040 _aBR-BrBNA
_bpor
_cBiblioteca Nacional de Agricultura
041 _a(En)
072 _aL40
100 1 _aRaw, A.
245 1 _aThe nesting biology of nine species of Jamaican bees (Hymenoptera)
650 _aABELHA
650 _aBIOLOGIA
650 _aANATOMIA
650 _aTAXONOMIA
773 0 _tRevista Brasileira de Entomologia (Brazil)
_xISSN 0085-5626
_g(Dec 1984), v. 28(4) p. 497-506
_wBR8705600
909 _a202311
_bLúcia
_c55
_dLúcia Elande
942 _2AGRIS
_n0
_cANA
999 _c120886
_d120886